书目信息 |
| 题名: |
单片机原理与应用
|
|
| 作者: | 刘华东 主编 | |
| 分册: | ||
| 出版信息: | 北京 电子工业出版社 2006.08 |
|
| 页数: | 257页 | |
| 开本: | 26cm | |
| 丛书名: | ||
| 单 册: | ||
| 中图分类: | TP368.1 | |
| 科图分类: | ||
| 主题词: | 单片微型计算机--dan pian wei xing ji suan ji--高等学校--教材 | |
| 电子资源: | ||
| ISBN: | 7-121-02462-4 | |
| 000 | 00957nam0 2200253 450 | |
| 001 | 012006366189 | |
| 005 | 20061130105437.70 | |
| 010 | @a7-121-02462-4@dCNY23.00 | |
| 100 | @a20061027d2006 km y0chiy0120 ea | |
| 101 | 0 | @achi |
| 102 | @aCN@b110000 | |
| 105 | @aa a 000yy | |
| 200 | 1 | @a单片机原理与应用@Adan pian ji yuan li yu ying yong@f刘华东主编@Fliu hua dong zhu bian |
| 205 | @a第2版 | |
| 210 | @a北京@c电子工业出版社@d2006.08 | |
| 215 | @a257页@c图@d26cm | |
| 320 | @a有书目。 | |
| 330 | @a本书以MSC-51系列单片机为核心,全面系统地介绍单片机的系统结构、存储器结构、指令系统、程序设计方法;单片机资源以及应用所需的资源,简单介绍单片机应用系统的设计和单片机新技术等。 | |
| 333 | @a新编21世纪高等职业教育电子信息类规划教材·应用电子技术专业 | |
| 606 | 0 | @a单片微型计算机@Adan pian wei xing ji suan ji@x高等学校@j教材 |
| 690 | @aTP368.1@v4 | |
| 701 | 0 | @a刘华东@Aliu hua dong@4主编 |
| 801 | 0 | @aCN@c20061130 |
| 905 | @a10447@dTP368.1@eL620 | |
| 单片机原理与应用/刘华东主编.-第2版.-北京:电子工业出版社,2006.08 |
| 257页:图;26cm |
| 使用对象:新编21世纪高等职业教育电子信息类规划教材·应用电子技术专业 |
| ISBN 7-121-02462-4:CNY23.00 |
| 本书以MSC-51系列单片机为核心,全面系统地介绍单片机的系统结构、存储器结构、指令系统、程序设计方法;单片机资源以及应用所需的资源,简单介绍单片机应用系统的设计和单片机新技术等。 |
| ● |
| 相关链接 |
|
|
|
正题名:单片机原理与应用
索取号:TP368.1/L620
 
预约/预借
| 序号 | 登录号 | 条形码 | 馆藏地/架位号 | 状态 | 备注 |
| 1 | 224019 | 202240191 | 自科库301/301自科库 58排5列3层/ [索取号:TP368.1/L620] | 在馆 | |
| 2 | 224020 | 202240208 | 自科库301/301自科库 63排1列1层/ [索取号:TP368.1/L620] | 在馆 | |
| 3 | 224021 | 202240217 | 自科库301/404自科库 19排2列1层/ [索取号:TP368.1/L620] | 在馆 |